S-Bahn Bern #1 - Statistiken

Allgemein
  • Dieses Quiz wurde 60 mal gespielt
  • Das Durchschnittsergebnis liegt bei 32 aus 84
Antwortstatistiken
S-Bahn Bahnhof % Korrekt
Bern
93%
Bern
93%
Bern
93%
Bern
93%
Thun
80%
S4 Thun
80%
Wankdorf
69%
Wankdorf
69%
Wankdorf
69%
Wankdorf
69%
Belp
67%
Belp
67%
Europaplatz
64%
Europaplatz
64%
Europaplatz
64%
Münsingen
64%
Ostermundigen
62%
Ostermundigen
62%
Worb
58%
S1 Fribourg/Freiburg
53%
Gümligen
53%
S3 Biel
47%
Konolfingen
47%
Burgdorf
44%
Lyss
44%
Zollikofen
44%
Zollikofen
44%
Fribourg/Freiburg Poya
42%
Kiesen
42%
Flamatt
40%
Flamatt
40%
Rubigen
40%
Toffen
40%
Wichtrach
40%
Düdingen
36%
Kehrsatz
36%
Münchenbuchsee
36%
Uttigen
36%
Bümpliz Süd
33%
Bümpliz Süd
33%
S2 Laupen
33%
Wabern
33%
Schönbühl
31%
Uetendorf
31%
Weissenbühl
31%
Schüpfen
29%
Seftigen
29%
Kaufdorf
27%
Kehrsatz Nord
27%
Niederwangen
27%
Niederwangen
27%
Brügg
24%
Oberwangen
24%
Schmitten
24%
Signau
24%
Thörishaus
24%
Wünnewil
24%
Bowil
22%
Burgistein
22%
Hindelbank
22%
Lyssach
22%
Neuenegg
22%
Tägertschi
22%
Thörishaus Dorf
22%
Thörishaus Dorf
22%
Uetendorf Allmend
22%
Zäziwil
22%
Flamatt Dorf
20%
Studen
20%
Zollbrück
20%
Busswil
18%
Emmenmatt
18%
Hasle-Rüegsau
18%
Langnau I.E.
18%
Langnau i.E
18%
Suberg-Grossaffoltern
18%
Burgdorf Steinhof
16%
Oberburg
16%
Ramsei
16%
Thurnen
16%
Lützelflüh-Goldbach
13%
Steinbach
13%
Neumühle
11%
Günligen
7%
Keine übereinstimmenden Quizze gefunden
Verteilung der Resultate
Anzahl Personen mit jedem Resultat
Perzentil nach korrekt beantworteten Fragen
Ihre Resultats-Entwicklung
Sie haben dieses Quiz noch nicht gespielt